书目信息 |
| 题名: |
土地资源调查与分析
|
|
| 作者: | 刘黎明 主编 | |
| 分册: | ||
| 出版信息: | 北京 中国农业大学出版社 2005.02 |
|
| 页数: | 336页 | |
| 开本: | 26cm | |
| 丛书名: | ||
| 单 册: | ||
| 中图分类: | F301 | |
| 科图分类: | ||
| 主题词: | 土地资源--tu di zi yuan--资源调查 , 土地资源--tu di zi yuan--经济分析 | |
| 电子资源: | ||
| ISBN: | 7-81066-835-8 | |
| 000 | 00819nam0 2200241 450 | |
| 001 | 012007031698 | |
| 005 | 20070928101503.17 | |
| 010 | @a7-81066-835-8@dCNY28.00 | |
| 100 | @a20070724d2005 km y0chiy0120 ea | |
| 101 | 0 | @achi |
| 102 | @aCN@b110000 | |
| 105 | @aa a 000yy | |
| 200 | 1 | @a土地资源调查与分析@Atu di zi yuan diao cha yu fen xi@f刘黎明主编@Fliu li ming zhu bian |
| 210 | @a北京@c中国农业大学出版社@d2005.02 | |
| 215 | @a336页@c图@d26cm | |
| 320 | @a有书目。 | |
| 330 | @a本书主要内容包括:全书分2大部分13章,介绍土地资源调查的一般方法和工作程序及土地评价的基本原理和各种目的的土地评价方法等。 | |
| 606 | 0 | @a土地资源@Atu di zi yuan@x资源调查 |
| 606 | 0 | @a土地资源@Atu di zi yuan@x经济分析 |
| 690 | @aF301@v4 | |
| 701 | 0 | @a刘黎明@Aliu li ming@4主编 |
| 801 | 0 | @aCN@c20070928 |
| 905 | @dF301@eL644 | |
| 土地资源调查与分析/刘黎明主编.-北京:中国农业大学出版社,2005.02 |
| 336页:图;26cm |
| ISBN 7-81066-835-8:CNY28.00 |
| 本书主要内容包括:全书分2大部分13章,介绍土地资源调查的一般方法和工作程序及土地评价的基本原理和各种目的的土地评价方法等。 |
| ● |
| 相关链接 |
|
|
|
正题名:土地资源调查与分析
索取号:F301/L644
 
预约/预借
| 序号 | 登录号 | 条形码 | 馆藏地/架位号 | 状态 | 备注 |
| 1 | 246972 | 202469729 | 社科库409/409社科库 51排4列5层/ [索取号:F301/L644] | 在馆 |